William Blake ; a reading of the shorter poems.

Bibliographic Details
Main Author: Adams, Hazard, 1926-
Format: Book
Language:English
Published: Seattle : University of Washington Press, [1963]
Subjects:

MARC

Tag First Indicator Second Indicator Subfields
LEADER 00000cam a22000001 4500
001 in00000023238
005 20151007064335.0
008 720420s1963 waua b 00000 eng
010 |a  63016384  
035 |a (OCoLC)01175456 
035 |9 AAD9616AM 
040 |a DLC  |c DLC  |d TXA  |d UtOrBLW 
049 |a TXAM  |c [369194] 
050 0 0 |a PR4147  |b .A63 
082 0 |a 821.7 
092 |a 821  |b B636Yad 
100 1 |a Adams, Hazard,  |d 1926- 
245 1 0 |a William Blake ;  |b a reading of the shorter poems. 
264 1 |a Seattle :  |b University of Washington Press,  |c [1963] 
300 |a xiv, 337 pages :  |b illustrations, diagrams ;  |c 27 cm. 
336 |a text  |b txt  |2 rdacontent 
337 |a unmediated  |b n  |2 rdamedia 
338 |a volume  |b nc  |2 rdacarrier 
504 |a "Bibliographical appendix" pages 299-332. 
600 1 0 |a Blake, William,  |d 1757-1827. 
999 |a MARS 
999 f f |s 4b5e9e45-a14c-3b33-aae8-ce645d660ca6  |i 553cc4b3-f3b9-39b9-a558-be14ddcce910  |t 0 
952 f f |p normal  |a Texas A&M University  |b College Station  |c Sterling C. Evans Library  |d Evans: Library Stacks  |t 0  |e PR4147 .A63  |h Library of Congress classification  |i unmediated -- volume  |m A14801274968 
998 f f |a PR4147 .A63  |t 0  |l Evans: Library Stacks